000 00952nam a2200265 i 4500
001 bg
245 0 0 _aKodeks cywilny :
_bkodeks rodzinny i opiekuńczy, ustawa o księgach wieczystych i hipotece, prawo prywatne międzynarodowe, przepisy wykonawcze /
_coprac. Sylwester Wójcik, Andrzej Mączyński, Kazimierz Zawada.
250 _aStan prawny na dzień 1 września 1993 r.
260 _aBielsko-Biała :
_b"Park",
_ccop. 1993.
300 _a401, [3] s. ;
_c18 cm.
650 9 _aHipoteka
_xprawo
_zPolska
650 9 _aPrawo cywilne
_zPolska
650 9 _aPrawo prywatne międzynarodowe
650 9 _aRodzina
_xprawo
_zPolska
700 1 _aWÓJCIK, Sylwester.
_eOprac.
700 1 _aMĄCZYŃSKI, Andrzej.
_eOprac.
700 1 _aZAWADA, Kazimierz.
_eOprac.
020 _a8385330267
040 _cBPK
041 0 _apl
080 _a347(438)+341.9](094.4)
920 _a83-85330-26-7
942 _cKS
008 s pl f |000 0 pol
999 _c31283
_d31283
856 _uhttp://koha.tu.koszalin.pl/cgi-bin/koha/opac-detail.pl?biblionumber=31283
_yKatalog online BPK